PRINCIPLES AND PRACTICE OF NURSING : NURSING ARTS PROCEDURES-1 (Record no. 21962)

MARC details
000 -LEADER
fixed length control field 00385nam a22001577a 4500
003 - CONTROL NUMBER IDENTIFIER
control field SGT
020 ## - INTERNATIONAL STANDARD BOOK NUMBER
International Standard Book Number 9788185605009
082 ## - DEWEY DECIMAL CLASSIFICATION NUMBER
Classification number 610.73
Item number P21N
100 ## - MAIN ENTRY--PERSONAL NAME
Personal name NANCY, SR.
245 ## - TITLE STATEMENT
Title PRINCIPLES AND PRACTICE OF NURSING : NURSING ARTS PROCEDURES-1
250 ## - EDITION STATEMENT
Edition statement 7TH
260 ## - PUBLICATION, DISTRIBUTION, ETC. (IMPRINT)
Place of publication, distribution, etc INDORE INDIA
Name of publisher, distributor, etc N R PUB
Year of Publication 2021
300 ## - PAGE DESCRIPTION
No. of Pages 456
650 ## - SUBJECT ADDED ENTRY--TOPICAL TERM
Topical term or geographic name as entry element NURSING PROCEDURES
942 ## - ADDED ENTRY ELEMENTS (KOHA)
Source of classification or shelving scheme Dewey Decimal Classification
Koha item type Books
942 ## - ADDED ENTRY ELEMENTS (KOHA)
-- 9
Holdings
Withdrawn status Lost status Source of classification or shelving scheme Damaged status Not for loan Collection code Home library Current library Shelving location Date acquired Vendor Name Cost, normal purchase price Volume Information (Serial or Books or Non-Book Material) SGTU Bill Number Total Checkouts Full call number Accession No. (Barcode) Date last seen Date last borrowed Bill Date Koha item type
    Dewey Decimal Classification     NURSING SGT Medical Library SGT Medical Library Text Book 12/10/2021 ABC DELHI 480.00 VOLUME-1 SGTU 13309 1 610.73 P21N FN4576 29/08/2024 24/08/2024   Books
    Dewey Decimal Classification     NURSING SGT Medical Library SGT Medical Library Text Book 12/10/2021 ABC DELHI 480.00 VOLUME-1 SGTU 13309   610.73 P21N FN4577 12/10/2021     Books
    Dewey Decimal Classification     NURSING SGT Medical Library SGT Medical Library Text Book 12/10/2021 ABC DELHI 480.00 VOLUME-1 SGTU 13309 3 610.73 P21N FN4578 14/08/2024 08/08/2024   Books
    Dewey Decimal Classification     NURSING SGT Medical Library SGT Medical Library Text Book 12/10/2021 ABC DELHI 480.00 VOLUME-1 SGTU 13309 2 610.73 P21N FN4579 01/04/2026 21/01/2026   Books
    Dewey Decimal Classification   Not For Loan NURSING SGT Medical Library SGT Medical Library Text Book 12/10/2021 ABC DELHI 480.00 VOLUME-1 SGTU 13309 4 610.73 P21N FN4580 05/01/2024 05/01/2024   Books